000 00920nam a2200277Ia 4500
003 OSt
005 20221005103001.0
006 a|||||r|||| 00| 0
007 ta
008 221004b |||||||| |||| 00| 0 hin d
020 _cIndian Rupees 100
024 _a38826
037 _bGift, 22/08/2018,
_cTextual
040 _aCRL
_cCRL
_bhin
041 _2hin
_ahin
082 _aO152,1x, N7
100 _aगुप्त, जगदीश, ले.
245 0 _aआक्रोश के पंजे
246 _aĀkrosh ke panje
260 _aइलाहाबाद
_bराका प्रकाशन भारत
_c1997
300 _a118पृ0
_ccm.
650 _a हिन्दी साहित्य
650 _aहिन्दी कविता
942 _hO152,1x, N7
_cTEXL
_2cc
999 _c1009225
_d1009225